00423pab a2200145 454500008004000000100002000040245006500060260000900125300001400134362001200148650002200160650002800182650002000210773004700230180718b2010 xxu||||| |||| 00| 0 eng d aAgrawal, Ankush aInfant mortality in India 1972-2007: an exploratory analysis c2010 ap.115-40. aJul-Dec aMortality - India aChild mortality - India aChild mortality aJournal of Social and Economic Development